Statistics for Toronto Maple Leafs Captains

Click here to take the quiz!

General Stats

  • This quiz has been taken 102 times
  • The average score is 8 of 18

Answer Stats

Answer% Correct
Mats Sundin
96%
Dion Phaneuf
83%
Doug Gilmour
83%
Wendel Clark
79%
Darryl Sittler
72%
Dave Keon
61%
George Armstrong
50%
Syl Apps
50%
Rick Vaive
45%
Ted Kennedy
39%
Rob Ramage
33%
Charlie Conacher
33%
Hap Day
29%
Sid Smith
24%
Red Horner
11%
Jimmy Thomson
5%
Bob Davidson
3%
Bert Corbeau
3%

Score Distribution

Percentile by Number Answered

Percent of People with Each Score

Your Score History

You have not taken this quiz